Statistics for モーニング娘。歴代メンバー

Click here to take the quiz!

General Stats

  • This quiz has been taken 25 times
  • The average score is 24 of 47

Answer Stats

解答% Correct
3後藤真希
100%
2矢口真里
100%
4辻希美
90%
4加護亜依
90%
1中澤裕子
86%
1飯田圭織
81%
1安倍なつみ
81%
2保田圭
81%
5高橋愛
76%
4𠮷澤ひとみ
71%
1石黒彩
67%
4石川梨華
67%
1福田明日香
62%
6藤本美貴
62%
2市井紗耶香
57%
6道重さゆみ
57%
11小田さくら
52%
9鞘師里保
52%
6亀井絵里
52%
8(留学生)リンリン
52%
9
生田衣梨奈
48%
8(留学生)ジュンジュン
48%
6田中れいな
48%
5小川麻琴
48%
5紺野あさ美
48%
9譜久村聖
43%
5新垣里沙
43%
9鈴木香音
43%
10飯窪春菜
43%
10佐藤優樹
43%
8光井愛佳
38%
12野中美希
38%
12羽賀朱音
38%
12牧野真莉愛
38%
12尾形春水
38%
7久住小春
38%
10工藤遥
38%
10石田亜佑美
38%
15北川莉央
33%
15岡村ほまれ
33%
13加賀楓
29%
13横山玲奈
29%
14森戸知沙希
29%
15山﨑愛生
29%
16櫻井梨央
29%
17井上春華
14%
17弓桁朱琴
14%

Score Distribution

Percentile by Number Answered

Percent of People with Each Score

Your Score History

You have not taken this quiz